000
00330cam a2200133ua 4500
003
OSt
008
230506b |||||||| |||| 00| 0 eng d
041
_a
eng
082
_a
631.313
_b
IND/SP
245
_a
Specification for cage wheel for power tillers,IS:10282-1982 /
260
_a
:
_b
ISI ,
_c
1983.
300
_a
6 ; .
942
_c
BK
999
_c
4236
_d
4236